[Event "Hillerod Byturnering D"]
[Site "Hillerod"]
[Date "2015.??.??"]
[Round "5"]
[White "So, John"]
[Black "Hviid, Jens"]
[Result "1-0"]
[WhiteElo "1521"]
[BlackElo "1584"]
[PlyCount "107"]
[EventDate "2015.04.28"]
[EventType "tourn"]
[EventRounds "7"]
[EventCountry "DEN"]
[SourceTitle "EXT 2024"]
[Source "ChessBase"]
[SourceDate "2023.10.10"]
[SourceVersion "1"]
[SourceVersionDate "2023.10.10"]
[SourceQuality "1"]

1. e4 d6 2. d4 g6 3. Nf3 Bg7 4. Be2 Nf6 5. Nbd2 0-0 6. 0-0 Nc6 7. c3 e5 8. d5 Ne7 9. Bd3 c6 10. c4 Bg4 11. h3 Bxf3 12. Nxf3 Nh5 13. Rb1 Nf4 14. Bxf4 exf4 15. Re1 f5 16. Ng5 Qb6 17. Ne6 Rf7 18. b4 a5 19. c5 dxc5 20. bxc5 Qa7 21. a4 cxd5 22. Qb3 fxe4 23. Bxe4 dxe4 24. Ng5 Raf8 25. Rxe4 Qxc5 26. Nxf7 Rxf7 27. Rxf4 Nf5 28. g4 Kf8 29. gxf5 Rxf5 30. Qf3 Bh6 31. Rxf5+ Qxf5 32. Qxf5+ gxf5 33. Rxb7 Kg8 34. Rb5 Bd2 35. Rxf5 Kg7 36. Kg2 Kg6 37. Rb5 h6 38. Kf3 Kf6 39. Ke4 Kg6 40. f3 Kf6 41. f4 Kg6 42. h4 Bb4 43. h5+ Kf6 44. Rb6+ Kg7 45. f5 Bc5 46. Rc6 Bb4 47. Rg6+ Kh7 48. Kd5 Bc3 49. Ke6 Bg7 50. Ke7 Bf8+ 51. Ke8 Bg7 52. f6 Bh8 53. f7 Bc3 54. f8Q 1-0

[Event "Hillerod Byturnering D"]
[Site "Hillerod"]
[Date "2015.??.??"]
[Round "1"]
[White "So, John"]
[Black "Jarulf, Birger"]
[Result "0-1"]
[WhiteElo "1521"]
[BlackElo "1661"]
[PlyCount "90"]
[EventDate "2015.04.28"]
[EventType "tourn"]
[EventRounds "7"]
[EventCountry "DEN"]
[SourceTitle "EXT 2024"]
[Source "ChessBase"]
[SourceDate "2023.10.10"]
[SourceVersion "1"]
[SourceVersionDate "2023.10.10"]
[SourceQuality "1"]

1. e4 b6 2. Nc3 Bb7 3. Nf3 e6 4. d3 Nf6 5. Be2 c5 6. Bg5 Be7 7. 0-0 Nc6 8. h3 0-0 9. Bf4 d5 10. e5 Ne8 11. d4 cxd4 12. Nxd4 Nxd4 13. Qxd4 Bc5 14. Qd3 Nc7 15. Qg3 Kh8 16. Bd3 Ba6 17. a3 Bxd3 18. Qxd3 Qe8 19. b4 Be7 20. Rab1 Rc8 21. Rb3 b5 22. Ra1 a6 23. a4 Qc6 24. a5 Qc4 25. Qxc4 dxc4 26. Rbb1 Rfd8 27. Na2 Rd4 28. Bg3 Rdd8 29. c3 Rd3 30. Kh2 Bg5 31. f4 Be7 32. Rc1 h5 33. Bf2 Rcd8 34. Bd4 Kh7 35. Rd1 Rxd1 36. Rxd1 Ne8 37. Nc1 g6 38. Ne2 Ng7 39. g4 hxg4 40. Nc1 Bh4 41. Ne2 Nf5 42. Rd2 Kg7 43. Ng1 Bg3+ 44. Kh1 Bxf4 45. Nf3 Bxd2 0-1

[Event "Hillerod Byturnering D"]
[Site "Hillerod"]
[Date "2015.??.??"]
[Round "3"]
[White "So, John"]
[Black "Rabjerg, Hans Rasmus"]
[Result "0-1"]
[WhiteElo "1521"]
[BlackElo "1515"]
[PlyCount "36"]
[EventDate "2015.04.28"]
[EventType "tourn"]
[EventRounds "7"]
[EventCountry "DEN"]
[SourceTitle "EXT 2024"]
[Source "ChessBase"]
[SourceDate "2023.10.10"]
[SourceVersion "1"]
[SourceVersionDate "2023.10.10"]
[SourceQuality "1"]

1. e4 e6 2. d4 d5 3. exd5 exd5 4. a3 Bf5 5. Nf3 Nd7 6. Nc3 c6 7. Be2 Bd6 8. 0-0 Ngf6 9. Re1 0-0 10. Bg5 Qc7 11. h3 Ne4 12. Bd2 Ndf6 13. Nh4 Nxf2 14. Qc1 Nxh3+ 15. gxh3 Bxh3 16. Ng2 Bh2+ 17. Kf1 Qg3 18. Bf4 Qxg2# 0-1

[Event "Hillerod Nordea Cup D"]
[Site "Hillerod"]
[Date "2014.04.29"]
[Round "2"]
[White "So, John"]
[Black "Langer, Peter"]
[Result "0-1"]
[WhiteElo "1393"]
[BlackElo "1546"]
[PlyCount "68"]
[EventDate "2014.04.29"]
[EventType "tourn"]
[EventRounds "7"]
[EventCountry "DEN"]
[SourceTitle "EXT 2024"]
[Source "ChessBase"]
[SourceDate "2023.10.10"]
[SourceVersion "1"]
[SourceVersionDate "2023.10.10"]
[SourceQuality "1"]

1. e4 c5 2. Nf3 d6 3. d4 cxd4 4. Nxd4 Nf6 5. Nc3 a6 6. Be2 e6 7. 0-0 Be7 8. f4 Nbd7 9. Kh1 Qc7 10. Be3 b5 11. a3 Bb7 12. Bf3 0-0 13. Qe1 Nc5 14. Bg1 Rac8 15. e5 dxe5 16. fxe5 Nfd7 17. Bxb7 Nxb7 18. Nf3 Rfd8 19. Rd1 Bxa3 20. Ra1 Bxb2 21. Nxb5 axb5 22. Ra7 Ra8 23. Qb4 Rxa7 24. Bxa7 Bxe5 25. Qxb5 Nd6 26. Qe2 Bxh2 27. Bf2 Bf4 28. g3 Bh6 29. Kh2 Nf5 30. Rg1 Nf6 31. Kh3 g5 32. g4 Nd5 33. Bg3 Nxg3 34. Rxg3 Nf4+ 0-1

[Event "Nordea Cup-C"]
[Site "Hillerod"]
[Date "2013.05.21"]
[Round "4"]
[White "Nygaard, Soren"]
[Black "So, John"]
[Result "1/2-1/2"]
[WhiteElo "1650"]
[BlackElo "1551"]
[PlyCount "44"]
[EventDate "2013.04.30"]
[EventType "tourn"]
[EventRounds "7"]
[EventCountry "DEN"]
[SourceTitle "EXT 2023"]
[Source "ChessBase"]
[SourceDate "2022.10.05"]
[SourceVersion "1"]
[SourceVersionDate "2022.10.05"]
[SourceQuality "1"]

1. d4 d5 2. c4 Nf6 3. Nc3 e6 4. cxd5 Nxd5 5. e4 Nf6 6. Bg5 Be7 7. e5 Nfd7 8. Bxe7 Qxe7 9. Bd3 c6 10. Nf3 Na6 11. a4 Nc7 12. Ne4 0-0 13. Nd6 Ne8 14. Nxc8 Rxc8 15. h4 c5 16. Bxh7+ Kh8 17. Rc1 g6 18. Ng5 Ng7 19. 0-0 cxd4 20. Rxc8 Rxc8 21. Qxd4 Nf5 22. Qf4 Nf8 1/2-1/2

[Event "Nordea Cup-C"]
[Site "Hillerod"]
[Date "2013.05.14"]
[Round "3"]
[White "So, John"]
[Black "Jarulf, Birger"]
[Result "1-0"]
[WhiteElo "1551"]
[BlackElo "1728"]
[PlyCount "79"]
[EventDate "2013.04.30"]
[EventType "tourn"]
[EventRounds "7"]
[EventCountry "DEN"]
[SourceTitle "EXT 2023"]
[Source "ChessBase"]
[SourceDate "2022.10.05"]
[SourceVersion "1"]
[SourceVersionDate "2022.10.05"]
[SourceQuality "1"]

1. e4 c6 2. d4 d6 3. Nf3 Bg4 4. c3 Nd7 5. Be2 e5 6. 0-0 Be7 7. Nbd2 Ngf6 8. h3 Bh5 9. Nh2 Bg6 10. Bd3 Qc7 11. Re1 0-0 12. Ndf1 b5 13. Ng3 Nb6 14. Ng4 a6 15. Bg5 Nxg4 16. Bxe7 Qxe7 17. Qxg4 Qf6 18. dxe5 dxe5 19. Rab1 Rad8 20. Re3 Rd6 21. Nf5 Bxf5 22. Qxf5 Rfd8 23. Qxf6 Rxf6 24. b3 Rfd6 25. Be2 Rd2 26. a3 Kf8 27. c4 R8d4 28. cxb5 axb5 29. Rc1 Rd6 30. Rc5 f6 31. Bf3 Nd7 32. Rcc3 c5 33. Be2 b4 34. axb4 cxb4 35. Rc8+ Kf7 36. Rc7 Kg6 37. h4 h5 38. g4 hxg4 39. Bxg4 Kh6 40. Rc8 1-0

[Event "Hillerod-ch D"]
[Site "Hillerod"]
[Date "2004.06.08"]
[Round "7"]
[White "Loving, Rho"]
[Black "So, John"]
[Result "1-0"]
[WhiteElo "1213"]
[BlackElo "1306"]
[PlyCount "96"]
[EventDate "2004.04.27"]
[EventType "swiss"]
[EventRounds "7"]
[EventCountry "DEN"]
[SourceTitle "EXT 2023"]
[Source "ChessBase"]
[SourceDate "2022.10.05"]
[SourceVersion "1"]
[SourceVersionDate "2022.10.05"]
[SourceQuality "1"]

1. d4 d6 2. Nf3 Nf6 3. c4 b6 4. Nc3 Bb7 5. e3 Nbd7 6. b3 e6 7. Bd3 Be7 8. 0-0 e5 9. d5 0-0 10. e4 a6 11. Re1 Rc8 12. Bb2 c6 13. b4 cxd5 14. cxd5 b5 15. a4 bxa4 16. Qxa4 Nb6 17. Qb3 Ra8 18. Ra5 Qd7 19. Bc1 h6 20. h3 Bd8 21. Ra2 Ne8 22. Be3 Nf6 23. Rea1 Bc7 24. Bxa6 Bxa6 25. Rxa6 Rxa6 26. Rxa6 Rb8 27. Nd2 Qc8 28. Ra7 Nbd7 29. Qc4 Bb6 30. Qxc8+ Rxc8 31. Bxb6 Rxc3 32. Bc7 Rc2 33. Nf3 Nxe4 34. Bxd6 Nb6 35. Nxe5 Nxd6 36. Ra6 Nbc4 37. Nxc4 Nxc4 38. Rc6 Rc1+ 39. Kh2 Kf8 40. b5 Ke8 41. b6 Rb1 42. Rxc4 Rxb6 43. Kg3 Rd6 44. Rc5 Ke7 45. Kf4 Rf6+ 46. Ke3 Rf5 47. d6+ Kd7 48. Rxf5 Kxd6 1-0